| 000 | 01373cam a22003254a 4500 | ||
|---|---|---|---|
| 090 | _c0 | ||
| 001 | 13849772 | ||
| 005 | 20050623142931.0 | ||
| 008 | 050125s2006 maua b 001 0 eng | ||
| 010 | _a 2005002202 | ||
| 020 | _a0321312562 | ||
| 040 |
_aDLC _cDLC _dDLC |
||
| 042 | _apcc | ||
| 050 | 0 | 0 |
_aQA76.9.D3 _bK53 2006 |
| 082 | 0 | 0 |
_a005.74 _222 _bKIF |
| 100 | 1 |
_aKifer, M. _q(Michael), _d1954- |
|
| 245 | 1 | 0 |
_aDatabase systems : _bAn application-oriented approach / _cMichael Kifer, Arthur Bernstein, Philip M. Lewis. |
| 250 | _aComplete version, 2nd ed. | ||
| 260 |
_aBoston : _bPearson/Addison-Wesley, _cc2006. |
||
| 300 |
_axxxi, 1235 p. : _bill. ; _c24 cm. |
||
| 504 | _aIncludes bibliographical references and index. | ||
| 650 | 0 | _aDatabase management. | |
| 650 | 0 | _aTransaction systems (Computer systems) | |
| 700 | 1 | _aBernstein, Arthur J. | |
| 700 | 1 |
_aLewis, Philip M., _d1931- |
|
| 856 | 4 | 1 |
_3Table of contents _uhttp://www.loc.gov/catdir/toc/ecip056/2005002202.html |
| 942 |
_2ddc _cBB |
||
| 999 |
_c10535 _d10535 |
||